[Event "Teplice Open"]
[Site "Teplice CZE"]
[Date "2011.06.19"]
[Round "9"]
[White "Blazek,Ja"]
[Black "Skokan,F"]
[Result "0-1"]
[WhiteElo "1755"]
[BlackElo "1974"]

1.e4 c5 2.Nc3 Nc6 3.Nf3 d6 4.d4 cxd4 5.Nxd4 e5 6.Nb3 Nf6 7.Bg5 Be7 8.Bxf6 Bxf6
9.Nd5 O-O 10.Nxf6+ Qxf6 11.Be2 a5 12.c3 Qg6 13.Bf3 f5 14.Qd3 Be6 15.exf5 Bxf5
16.Bd5+ Kh8 17.Qg3 Qf6 18.O-O Ne7 19.Bxb7 Ra7 20.Bf3 Ng6 21.Bg4 Nf4 22.Qe3 Bxg4
23.Qxa7 Bf3 24.Qe3 Nxg2 25.Qd2 Nf4  0-1

[Event "Teplice Open"]
[Site "Teplice CZE"]
[Date "2011.06.19"]
[Round "9"]
[White "Framberk,J"]
[Black "Novotny,Tomas"]
[Result "1-0"]
[WhiteElo "2069"]
[BlackElo "1915"]

1.e4 c5 2.Nf3 Nc6 3.Nc3 d6 4.d4 cxd4 5.Nxd4 a6 6.Be2 e6 7.Be3 Be7 8.a4 Nxd4
9.Bxd4 Nf6 10.O-O O-O 11.Kh1 e5 12.Be3 Bd7 13.f4 Bc6 14.Bf3 Qc7 15.Qe2 exf4
16.Bxf4 Nd7 17.Rad1 Ne5 18.Nd5 Bxd5 19.Rxd5 Rac8 20.c3 f6 21.Bg4 Nxg4 22.Qxg4 Rfe8
23.Rfd1 Rcd8 24.Qe6+ Kf8 25.Rh5 h6 26.Rxh6  1-0

[Event "Voronezh FIDE Open"]
[Site "Voronezh RUS"]
[Date "2011.06.19"]
[Round "8.15"]
[White "Chernyshev,A2"]
[Black "Sazonova,A"]
[Result "1/2-1/2"]
[WhiteElo "2149"]
[BlackElo "1920"]

1.e4 c5 2.Nc3 Nc6 3.Bb5 d6 4.Bxc6+ bxc6 5.d3 Nf6 6.f4 e6 7.Nf3 Be7 8.O-O O-O
9.e5 Nd5 10.Ne4 Ba6 11.b3 f6 12.exd6 Bxd6 13.Nxd6 Qxd6 14.Qe1 Rfe8 15.Nd2 Nb4
16.Ne4 Qd5 17.Qg3 Rf8 18.Bb2 Kh8 19.Rfc1 Rad8 20.Nc3 Qd4+ 21.Kh1 Nd5 22.Na4 Qxf4
23.Qxf4 Nxf4 24.Nxc5 Bc8 25.Re1 e5 26.Bc1 Ne6 27.Nxe6 Bxe6 28.Ba3 Rf7 29.Bc5 Bf5
30.Re3 Rfd7 31.Rae1 h6 32.h3 Rd5 33.b4 a6 34.a4 Rb8 35.a5 Rbd8 36.Bb6 R8d7
37.Bc5 Rd8 38.Bb6 R8d7 39.Bc5  1/2-1/2

[Event "3rd Eforie Open"]
[Site "Eforie Nord ROU"]
[Date "2011.06.20"]
[Round "1.9"]
[White "Gelip,I"]
[Black "Cosma,I"]
[Result "0-1"]
[WhiteElo "1973"]
[BlackElo "2410"]

1.e4 c5 2.Nc3 Nc6 3.Bb5 Nd4 4.Bc4 g6 5.Nf3 Bg7 6.Nxd4 cxd4 7.Qf3 Nh6 8.d3 Qa5
9.O-O dxc3 10.Bxh6 Bxh6 11.Qxf7+ Kd8 12.f4 cxb2 13.Rab1 Qc3 14.f5 gxf5 15.Qxf5 Rf8
16.Qxh7 Rxf1+ 17.Rxf1 Qg7 18.Qf5 Be3+ 19.Kh1 Qf6 20.Qa5+ b6 21.Qe1 Qh6 22.a3 Bb7
23.Ba2 Bf4 24.h3 Rc8 25.Qf2 e5 26.Qe2 Rc6 27.Bd5 Kc7 28.Bxc6 Bxc6 29.c4 Bc1
30.Qc2 Qd2  0-1

[Event "Baltija Cup Open A"]
[Site "Palanga LTU"]
[Date "2011.06.20"]
[Round "2.18"]
[White "Juknis,P"]
[Black "Buzas,N"]
[Result "1-0"]
[WhiteElo "2112"]
[BlackElo "1874"]

1.e4 c5 2.Nc3 Nc6 3.Bb5 Nd4 4.Bc4 a6 5.a4 d6 6.Nf3 g6 7.Nxd4 cxd4 8.Ne2 Bg7
9.O-O Qc7 10.d3 Bg4 11.f3 Bd7 12.f4 e6 13.f5 gxf5 14.exf5 d5 15.Bb3 Be5 16.Bf4 O-O-O
17.Qd2 Ne7 18.Ng3 h5 19.Bxe5 Qxe5 20.Rae1 Qd6 21.fxe6 fxe6 22.Qf4 Qb4 23.Qh4 Rdg8
24.Re2 Ng6 25.Qf6 h4 26.Nh1 Ne7 27.Rf4 Rf8 28.Qg5 Nf5 29.Nf2 Qd6 30.Rf3 Rfg8
31.Qf4 Qc5 32.Ng4 Rh5 33.Nf6 Rhg5 34.Nxg8 Rxg8 35.Qe5 Rg6 36.Rxf5 exf5 37.Qh8+ Kc7
38.Qxh4 Rg4 39.Qf6 Qd6 40.Qe5 Kc6 41.a5 f4 42.Ba4+ Kc7 43.Bxd7 Qxe5 44.Rxe5 Kxd7
45.Rxd5+ Kc6 46.Rxd4  1-0

[Event "Baltija Cup Open A"]
[Site "Palanga LTU"]
[Date "2011.06.20"]
[Round "3.2"]
[White "Juknis,P"]
[Black "Tvarijonas,P"]
[Result "1-0"]
[WhiteElo "2112"]
[BlackElo "2372"]

1.e4 c5 2.Nc3 Nc6 3.Bb5 g6 4.Bxc6 bxc6 5.f4 Bg7 6.Nf3 d5 7.e5 Bg4 8.O-O Nh6
9.d3 Nf5 10.Ne2 e6 11.Qe1 h5 12.Qf2 Qe7 13.Be3 Nxe3 14.Qxe3 Rb8 15.b3 h4
16.h3 Bf5 17.c3 Bf8 18.c4 d4 19.Qd2 Qc7 20.Ng5 Bh6 21.Nf3 Qd8 22.b4 cxb4
23.Nfxd4 Bxd3 24.Qxd3 c5 25.Qe4 cxd4 26.Nxd4 O-O 27.c5 Qc7 28.c6 Bg7 29.Rfc1 g5
30.Nf3 gxf4 31.Qxf4 f6 32.Qxh4 b3 33.axb3 Rxb3 34.Ra4 Rxf3 35.gxf3 Qxe5 36.Qf4 Qb8
37.Kh1 Kh7 38.Qc4 Qb2 39.c7 Rc8 40.Rb4 Qa3 41.Rb3 Qd6 42.Qd3+ Qxd3 43.Rxd3 Bh6
44.Rd8  1-0

[Event "Baltija Cup Open A"]
[Site "Palanga LTU"]
[Date "2011.06.21"]
[Round "4.17"]
[White "Klabis,R"]
[Black "Slusnys,E"]
[Result "1-0"]
[WhiteElo "2017"]
[BlackElo "1898"]

1.e4 c5 2.Nc3 Nc6 3.Bb5 g6 4.Nge2 Bg7 5.Bxc6 bxc6 6.O-O Nf6 7.d3 O-O 8.Be3 d6
9.h3 Rb8 10.Rb1 Qa5 11.Bd2 Qc7 12.f4 Nd7 13.Qe1 Nb6 14.Qf2 f5 15.b3 Be6 16.Kh1 Qd7
17.Rbd1 Bf7 18.Ng3 Bd4 19.Qe1 Be6 20.Kh2 Qe8 21.Nge2 Qf7 22.Rf3 Bg7 23.Ng1 Rb7
24.Rf1 Kh8 25.Nf3 h6 26.Qf2 Bc8 27.Rde1 e6 28.e5 d5 29.Qxc5 Rg8 30.Qf2 c5
31.d4 c4 32.Ne2 Rc7 33.c3 a5 34.g4 Ba6 35.Rg1 Bf8 36.Qh4 cxb3 37.axb3 Bxe2
38.Rxe2 a4 39.bxa4 Nxa4 40.Qe1 Nb2 41.Nh4 Nc4 42.Bc1 Qe8 43.Reg2 Rcg7 44.Nf3 Be7
45.Nd2 Qc8 46.Nxc4 Qxc4 47.Qg3 Bf8 48.Bd2 Qc7 49.Ra1 Kh7 50.Ra6 Qf7 51.Rg1 Qe8
52.Rb1 Re7 53.Rbb6 Qc8 54.Rc6 Qe8 55.Bc1 Qf7 56.Rab6 Re8 57.Qg2 h5 58.g5 Rg7
59.Qa2 Qa7 60.Ra6 Qd7 61.Qb3 Qb7 62.Qb6 Qxb6 63.Rcxb6 Rc7 64.Bb2 Kg7 65.Rxe6 Rxe6
66.Rxe6 Rb7 67.Bc1 Rb1 68.Be3 Rb2+ 69.Kg1 Rc2 70.Rc6 Bb4 71.Rc7+ Kf8 72.c4 dxc4
73.d5 Ba5 74.Ra7 Ra2 75.Bc5+ Ke8 76.Ra8+  1-0

[Event "25th Open Pula"]
[Site "Pula CRO"]
[Date "2011.06.21"]
[Round "4.1"]
[White "Rogulj,B"]
[Black "Kovacevic,A"]
[Result "0-1"]
[WhiteElo "2390"]
[BlackElo "2575"]

1.e4 c5 2.Nc3 Nc6 3.Bb5 Nd4 4.Nf3 Nxb5 5.Nxb5 d6 6.d4 Nf6 7.Nc3 cxd4 8.Qxd4 e5
9.Qd3 h6 10.O-O Be7 11.Rd1 a6 12.a4 O-O 13.h3 Be6 14.a5 Rc8 15.Be3 Qc7 16.Nd2 Qc6
17.Nf3 Bc4 18.Nd5 Bxd5 19.exd5 Qxc2 20.Qa3 Qf5 21.Qb3 Rc7 22.Bb6 Qc2 23.Qa3 Rd7
24.Rac1 Qf5 25.Qb3 Bd8 26.Nd2 Nh5 27.Qa4 Nf4 28.g4 Nxh3+ 29.Kg2 Nf4+ 30.Kg3 Qd3+
31.Nf3 Bh4+  0-1

[Event "4th Karen Asrian Memorial"]
[Site "Jermuk ARM"]
[Date "2011.06.22"]
[Round "7"]
[White "Shanava,K"]
[Black "Kotanjian,T"]
[Result "0-1"]
[WhiteElo "2539"]
[BlackElo "2517"]

1.e4 c5 2.Nc3 Nc6 3.Nf3 d6 4.d4 cxd4 5.Nxd4 Nf6 6.Bc4 Qb6 7.Nb3 e6 8.Be3 Qc7
9.Bd3 a6 10.f4 b5 11.Qf3 Be7 12.O-O O-O 13.Rae1 Bb7 14.Qh3 Nb4 15.a3 Nxd3
16.cxd3 a5 17.Nd4 b4 18.Ncb5 Qd7 19.a4 Rfc8 20.Re2 g6 21.f5 e5 22.Nf3 gxf5
23.Nh4 f4 24.Nf5 Kh8 25.Qh6 Rg8 26.Nbxd6 Raf8 27.Bc5 Rg6 28.Qh4 Ba6 29.Rf3 Bd8
30.Rh3 Qc6 31.Rc2 Qxa4 32.Rc1 Qb3 33.Qf2 Rfg8 34.Nh4 Rg4 35.Kh1 Qe6 36.d4 Nxe4
37.Nxe4 Bb7 38.Re1 Bxh4 39.Rxh4 Rxg2 40.Qf3 f5 41.d5 Bxd5 42.Rxh7+ Kxh7 43.Qh5+ Qh6
44.Qxf5+ R2g6 45.Bf2 Qg5  0-1

[Event "Baltija Cup Open A"]
[Site "Palanga LTU"]
[Date "2011.06.22"]
[Round "6.8"]
[White "Klabis,R"]
[Black "Sarakauskas,G"]
[Result "0-1"]
[WhiteElo "2017"]
[BlackElo "2421"]

1.e4 c5 2.Nc3 Nc6 3.Bb5 g6 4.Nge2 Bg7 5.O-O d6 6.Bxc6+ bxc6 7.f4 Nh6 8.f5 gxf5
9.d3 fxe4 10.Nxe4 Ng4 11.h3 Nf6 12.N2g3 Nxe4 13.Nxe4 h6 14.c3 Be6 15.Bf4 Qd7
16.Kh2 c4 17.d4 Rb8 18.Rf2 Rb5 19.Qe2 O-O 20.Re1 Kh7 21.g4 Rh8 22.Rg1 Kg8
23.Ng3 Bf6 24.a4 Ra5 25.Ne4 Bg7 26.Ng3 Rxa4 27.Nh5 Ra5 28.Qe3 Bf8 29.Rfg2 f6
30.Re1 Bf7 31.Qe4 Rh7 32.Bc1 Kh8 33.Nf4 Rg5 34.Qe2 Rg8 35.Qf2 e5 36.Ne2 f5
37.gxf5 Rxg2+ 38.Qxg2 exd4 39.Nxd4 Bd5 40.Qf2 Rg7 41.Rg1 Rxg1 42.Kxg1 Qg7+
43.Kf1 Qe5 44.Ne6 Be7 45.Nd4 Kh7 46.Qg1 Qg7 47.Qf2 Be4 48.Ke1 c5 49.Ne2 Qe5
50.Qf4 Qxf4 51.Nxf4 Bxf5 52.Kf2 Kg7 53.Kg3 Kf7 54.Nd5 Bf8 55.Bf4 Be4 56.Nc7 Bc6
57.Kg4 Ke7 58.Kf5 Kd7 59.Na6 Bg2 60.Kf6 Be7+ 61.Kf7 Bg5 62.Bg3 Bxh3  0-1

[Event "49th National Challengers ch-IND"]
[Site "Aurangabad IND"]
[Date "2011.06.23"]
[Round "10"]
[White "Stany,G"]
[Black "G.,A"]
[Result "0-1"]
[WhiteElo "2407"]
[BlackElo "2211"]

1.e4 c5 2.Nf3 Nc6 3.Nc3 Nf6 4.Bb5 Qc7 5.d3 Nd4 6.Ba4 a6 7.Nxd4 cxd4 8.Ne2 e5
9.O-O b5 10.Bb3 d6 11.Bg5 Be7 12.Rc1 O-O 13.c3 dxc3 14.Nxc3 Qd8 15.f4 Ng4
16.Bxe7 Qxe7 17.Qf3 Nf6 18.Nd5 Nxd5 19.Bxd5 Bb7 20.f5 Bxd5 21.exd5 Rac8 22.Rc6 Rxc6
23.dxc6 d5 24.Rc1 e4 25.dxe4 dxe4 26.Qe3 Rc8 27.Qb6 e3 28.Qxa6 Re8 29.Qb6 Qb4
30.c7 e2 31.Qe3 e1=Q+ 32.Rxe1 Qxe1+  0-1

[Event "49th National Challengers ch-IND"]
[Site "Aurangabad IND"]
[Date "2011.06.24"]
[Round "11"]
[White "Hemant,S2"]
[Black "Stany,G"]
[Result "1/2-1/2"]
[WhiteElo "2247"]
[BlackElo "2407"]

1.e4 c5 2.Nc3 Nc6 3.Nge2 Nf6 4.g3 d5 5.exd5 Nd4 6.Nxd4 cxd4 7.Bb5+ Bd7 8.Bxd7+ Qxd7
9.Ne2 Qxd5 10.O-O e6 11.c3 Bc5 12.cxd4 Bb6 13.Qa4+ Qd7 14.Qxd7+ Kxd7 15.a4 Rac8
16.a5 Bd8 17.Nc3 Nd5 18.a6 bxa6 19.Rxa6 Bb6 20.Ra4 Rhd8 21.Nxd5 exd5 22.b3 Rc2  1/2-1/2

[Event "V4 IM/WGM tournament Liptov 2011"]
[Site "Liptovsky Mikulas SVK"]
[Date "2011.06.24"]
[Round "2"]
[White "Caletka,R"]
[Black "Barski,R"]
[Result "0-1"]
[WhiteElo "2357"]
[BlackElo "2284"]

1.e4 c5 2.Nc3 Nc6 3.Bb5 g6 4.Nge2 Bg7 5.O-O Nh6 6.d3 O-O 7.Bxc6 bxc6 8.Be3 d6
9.h3 f5 10.Qd2 Nf7 11.exf5 Bxf5 12.d4 cxd4 13.Nxd4 Bd7 14.Qe2 e5 15.Nb3 Nh6
16.Ne4 Nf5 17.Rad1 Nxe3 18.fxe3 d5 19.Nec5 Qe7 20.c4 Be6 21.Nxe6 Qxe6 22.cxd5 cxd5
23.Nc5 Qc6 24.b4 a5 25.a3 Rxf1+ 26.Qxf1 axb4 27.axb4 Rb8 28.Na6 Rf8 29.Qd3 d4
30.Nc5 dxe3 31.Qxe3 Qb6 32.Qb3+ Kh8 33.Kh2 Rb8 34.Ne6 Qf2 35.Qd5 Bf6 36.b5 Qb2
37.Qd6 Qxb5 38.Nd8 Bg7 39.Qe6 h6 40.Qxg6 Qa4 41.Nf7+ Kg8 42.Nxh6+ Kh8 43.Nf5 Qf4+
44.Kg1 Bf8 45.Rf1 Bc5+ 46.Kh1 Qxf1+ 47.Kh2 Bg1+ 48.Kg3 Qf2+ 49.Kg4 Qxg2+  0-1

[Event "64th ch-RUS HL"]
[Site "Taganrog RUS"]
[Date "2011.06.24"]
[Round "9"]
[White "Fedoseev,Vl3"]
[Black "Vorobiov,E"]
[Result "1-0"]
[WhiteElo "2506"]
[BlackElo "2570"]

1.e4 c5 2.Nf3 Nc6 3.Nc3 d6 4.d4 cxd4 5.Nxd4 Nf6 6.Be2 e6 7.O-O Be7 8.Be3 O-O
9.f4 e5 10.fxe5 dxe5 11.Nb3 Be6 12.Bf3 Rc8 13.h3 Nb4 14.Rf2 Qxd1+ 15.Rxd1 a6
16.Na5 Rxc3 17.bxc3 Nxa2 18.Rd3 Rc8 19.Nxb7 h6 20.c4 Rxc4 21.Na5 Rc8 22.c4 Nb4
23.Rc3 Nc6 24.Nxc6 Rxc6 25.c5 a5 26.Rb2 Nd7 27.Rb5 a4 28.Kh2 Bg5 29.Bf2 Be7
30.Ra5 Rc7 31.c6 a3 32.Raxa3  1-0

[Event "49th National Challengers ch-IND"]
[Site "Aurangabad IND"]
[Date "2011.06.25"]
[Round "12"]
[White "Tiwari,Ar"]
[Black "Hemant,S2"]
[Result "1-0"]
[WhiteElo "2354"]
[BlackElo "2247"]

1.e4 c5 2.Nc3 Nc6 3.Bb5 Nd4 4.Bc4 e6 5.Nf3 a6 6.Nxd4 cxd4 7.Ne2 Nf6 8.d3 Bc5
9.O-O d5 10.exd5 Nxd5 11.a4 b6 12.Nf4 Nxf4 13.Bxf4 Bb7 14.Qg4 O-O 15.Be5 g6
16.Rfe1 Re8 17.Qf4 f5 18.h4 Qd7 19.Re2 b5 20.Bb3 Rac8 21.axb5 axb5 22.Rae1 Bd5
23.Bxd5 Qxd5 24.h5 Qd7 25.Kh2 Rcd8 26.Rh1 Bf8 27.hxg6 hxg6 28.Qg5 Qf7 29.Kg1 Bg7
30.Bxg7 Qxg7 31.Rxe6 Kf7 32.Rxe8 Rxe8 33.Kf1 Rc8 34.Qd2 Kf6 35.Rh4 Qd7 36.Kg1 Qd6
37.Rh7 Qc5 38.Qf4 Re8 39.Qh4+ Ke6 40.Qg5 Kd5 41.Qxg6 Re1+ 42.Kh2 Qd6+ 43.Qxd6+ Kxd6
44.Rh6+ Ke7 45.Rb6 Re2 46.Rxb5 Rxf2 47.Rc5 f4 48.Kg1 Rd2 49.Rc4 Ke6 50.Rxd4 Rxc2
51.Rxf4 Rxb2 52.Kh2 Ke5 53.Rf3 Rd2 54.Kh3 Rd1 55.g4 Rh1+ 56.Kg3 Rh7 57.g5 Rh1
58.Kg4  1-0

[Event "1st Torre delle Stelle Open A"]
[Site "Cagliari ITA"]
[Date "2011.06.25"]
[Round "6"]
[White "Kogan,Ar"]
[Black "Markos,J"]
[Result "1/2-1/2"]
[WhiteElo "2556"]
[BlackElo "2568"]

1.e4 c5 2.Nf3 Nc6 3.Nc3 Nf6 4.d4 cxd4 5.Nxd4 e5 6.Ndb5 d6 7.Bg5 a6 8.Na3 b5
9.Nd5 Be7 10.Bxf6 Bxf6 11.c4 b4 12.Nc2 O-O 13.Qf3 Bg5 14.h4 Bh6 15.g4 f6
16.Rg1 Rb8 17.b3 Be6 18.Qg2 Bf4 19.Nxf4 exf4 20.Qh2 g5 21.hxg5 fxg5 22.O-O-O Rf6
23.f3 Qe7 24.Rg2 Bf7 25.Rgd2 a5 26.c5 dxc5 27.Rd7 Qe8 28.Qf2 Ne5 29.Ra7 Rc8
30.Rxa5 Qe7 31.Kb1 Qc7 32.Ra4 Be8 33.Ra6 Rxa6 34.Bxa6 Ra8 35.Qe2 Bf7 36.Bb5 Rd8
37.Rc1 Qd6 38.Ne1 Qb6 39.Bd3 Qa5 40.Qc2 Rd4 41.Rd1 Qd8 42.Be2 Rxd1+ 43.Qxd1 Qxd1+
44.Bxd1 h5 45.gxh5 Bxh5 46.a4 bxa3 47.Ka2 Kf7 48.Kxa3 Ke6 49.Ka4 Kd6 50.Kb5 Be8+
51.Ka5 Bc6 52.Be2 g4 53.fxg4 Bxe4 54.g5 f3 55.Nxf3 Nxf3 56.b4 cxb4  1/2-1/2

[Event "XIX Open A"]
[Site "Montcada i Reixac ESP"]
[Date "2011.06.25"]
[Round "1"]
[White "Cuartas,Ja"]
[Black "Exposito Amaro,J"]
[Result "1-0"]
[WhiteElo "2542"]
[BlackElo "2274"]

1.e4 c5 2.Nf3 Nc6 3.Nc3 e5 4.Bc4 Be7 5.d3 d6 6.Nd2 Na5 7.Nf1 Nxc4 8.dxc4 Be6
9.b3 f5 10.exf5 Bxf5 11.Ne3 Qd7 12.O-O Nh6 13.Ned5 Nf7 14.f4 O-O 15.Nxe7+ Qxe7
16.Nd5 Qd7 17.Bb2 Rae8 18.Qd2 Nd8 19.fxe5 dxe5 20.Rad1 Qc8 21.Qg5 Nc6 22.Rd2 h6
23.Qe3 Nd4 24.c3 Ne6 25.Qxe5 Ng5 26.Ne7+ Kh7 27.Nxc8 Rxe5 28.Nd6 Rd8 29.h4 Ne6
30.Bc1 Bb1 31.a3 Re3 32.Nxb7 Rxd2 33.Bxd2 Re2 34.Rf2 Rxf2 35.Kxf2 Kg6 36.Be3 Ba2
37.Na5 Kf5 38.b4 Ke4 39.Bxc5 Kd3 40.Bxa7 Bxc4 41.Nxc4 Kxc4 42.Bd4 Kb3 43.b5  1-0

[Event "49th National Challengers ch-IND"]
[Site "Aurangabad IND"]
[Date "2011.06.26"]
[Round "13"]
[White "Anwesh,U"]
[Black "Singh,SV"]
[Result "1-0"]
[WhiteElo "2432"]
[BlackElo "2248"]

1.e4 c5 2.Nc3 Nc6 3.Nge2 e5 4.Nd5 Nf6 5.Nec3 Nxd5 6.Nxd5 Be7 7.Bc4 O-O 8.O-O Bg5
9.f4 exf4 10.Nxf4 d6 11.d3 Ne5 12.Bd5 Bxf4 13.Bxf4 Be6 14.Bb3 b5 15.d4 Ng6
16.c3 Nxf4 17.Rxf4 Qg5 18.Qf3 cxd4 19.cxd4 Rac8 20.Rf1 Bxb3 21.Qxb3 Rc4 22.e5 a6
23.Qf3 Rc7 24.e6 h6 25.exf7+ Kh8 26.h4 Qg6 27.Qd5 Re7 28.h5 Qe6 29.Qxe6 Rxe6
30.Rc1 d5 31.Rc5 Re4 32.Rxe4 dxe4 33.Rc7 Kh7 34.Kf2 g6 35.g4 gxh5 36.gxh5 Kg7
37.Ke3 Kf6 38.Kxe4 Ke6 39.Ra7  1-0

[Event "7th Lazy Open"]
[Site "Lazy POL"]
[Date "2011.06.26"]
[Round "2.10"]
[White "Czarnik,J"]
[Black "Zakoscielna,K"]
[Result "0-1"]
[WhiteElo "2030"]
[BlackElo "2135"]

1.e4 c5 2.Nc3 Nc6 3.Nge2 g6 4.d4 cxd4 5.Nxd4 Bg7 6.Be3 Nf6 7.f4 d6 8.Be2 O-O
9.Nf3 Ng4 10.Bg1 Qa5 11.Qd2 Qb4 12.O-O-O Bxc3 13.bxc3 Qxe4 14.c4 Bf5 15.h3 Nf6
16.Be3 Qe6 17.g4 Be4 18.f5 Qc8 19.Rhg1 Bxf3 20.Bxf3 Ne5 21.Be2 Nxc4 22.Qc3 Nxe3
23.Qxe3 Qc7 24.g5 Rfc8 25.c4 Ne8 26.fxg6 hxg6 27.Rg4 Ng7 28.Qc3 b5 29.Rdd4 Rab8
30.Rh4 e5 31.Rdg4 Nf5 32.Qf3 Nxh4 33.Rxh4 Qe7 34.Qg3 Rc5 35.Re4 bxc4 36.Qh4 Qb7
37.Kd2 c3+  0-1

[Event "6th Dvorkovich Cup"]
[Site "Moscow RUS"]
[Date "2011.06.26"]
[Round "1.12"]
[White "Wang Jue"]
[Black "Gaboyan,S"]
[Result "0-1"]
[WhiteElo "2308"]
[BlackElo "1851"]

1.e4 c5 2.Nf3 Nc6 3.Nc3 Nf6 4.Bb5 Nd4 5.e5 Nxb5 6.Nxb5 Nd5 7.c4 Nc7 8.Nxc7+ Qxc7
9.d4 cxd4 10.Qxd4 e6 11.O-O b6 12.Bf4 Bb7 13.Qd3 Qc6 14.Rfe1 g5 15.Bxg5 Rg8
16.h4 h6 17.Qh7 Rg6 18.Bf6 Rxg2+ 19.Kxg2 Qxf3+ 20.Kf1 Qg2+ 21.Ke2 Be4 22.Qxe4 Qxe4+
23.Kf1 Qxc4+ 24.Kg1 Rc8 25.Re3 Be7 26.Rc3 Qa6 27.Rg3 Bxf6 28.exf6 d5 29.Rg8+ Kd7
30.Rg7 Rf8 31.Rg3 Qc8 32.Rc3 Rg8+ 33.Kh2 Qb8+ 34.Kh3 Qf4 35.Rg3 Qf5+ 36.Kg2 Rxg3+
37.fxg3 Qxf6 38.Rf1 Qxb2+ 39.Rf2 Qa3 40.Rxf7+ Kd6 41.Rf2 d4 42.h5 d3 43.g4 Qc3
44.Kh1 d2 45.Rf1 Qh3+ 46.Kg1 Qxg4+ 47.Kf2 d1=Q  0-1

[Event "7th A Ermaka Memorial"]
[Site "Zaporizhzhia UKR"]
[Date "2011.06.26"]
[Round "2.23"]
[White "Loy,K"]
[Black "Protsiuk,Svetlana"]
[Result "1-0"]
[WhiteElo "2145"]
[BlackElo "1772"]

1.e4 c5 2.Nf3 Nc6 3.Nc3 g6 4.d4 cxd4 5.Nxd4 Bg7 6.Be3 Nf6 7.Bc4 O-O 8.Bb3 a5
9.f3 d5 10.Bxd5 Nxd5 11.Nxd5 f5 12.Nxc6 bxc6 13.Nb6 Rb8 14.Qxd8 Rxd8 15.Nxc8 Rdxc8
16.Rb1 fxe4 17.fxe4 Bxb2 18.Ke2 Be5 19.h3 Rxb1 20.Rxb1 Rb8 21.Rb6 Rxb6 22.Bxb6 a4
23.Kd3 Kf7 24.Kc4 Bd6 25.Bc5 Ke6 26.Kb4 Bxc5+ 27.Kxc5 Ke5 28.Kxc6 Kxe4 29.c4 e5
30.c5 Kd3 31.Kb5 e4 32.c6 e3 33.c7 e2 34.c8=Q e1=Q 35.Qc4+ Ke3 36.Qe6+ Kf2
37.Qxe1+ Kxe1 38.Kxa4 Kf2 39.Kb4 Kxg2 40.h4 Kh3 41.a4 Kxh4 42.a5 g5 43.a6 g4
44.a7 h5 45.a8=Q Kg3 46.Kc3 h4 47.Kd3 Kh2 48.Qa2+ Kh3 49.Ke3 g3 50.Kf3  1-0

[Event "Championnat de Corse"]
[Site "Bastia FRA"]
[Date "2011.06.27"]
[Round "3.4"]
[White "Battesti,S"]
[Black "Humeau,C"]
[Result "0-1"]
[WhiteElo "1975"]
[BlackElo "2226"]

1.e4 c5 2.Nf3 Nc6 3.Nc3 e5 4.Bc4 Be7 5.O-O d6 6.h3 Nf6 7.Ng5 O-O 8.f4 exf4
9.d3 h6 10.Nf3 g5 11.Bd2 Ne5 12.Nxe5 dxe5 13.Nd5 Nxd5 14.Bxd5 Kh7 15.Qh5 Be6
16.Bxe6 fxe6 17.Bc3 Bd6 18.h4 gxh4 19.Bxe5 Bxe5 20.Qxe5 Qd4+ 21.Qxd4 cxd4
22.c4 e5 23.Rf3 Rg8 24.Raf1 Rg3 25.Kh2 Rag8 26.R1f2 Kg6 27.b4 Kf6 28.Rc2 h3
29.Rff2 Rxd3 30.gxh3 Rgg3 31.Rg2 Rxh3+ 32.Kg1 Rc3 33.Rxc3 Rxc3 34.c5 Rg3  0-1

[Event "Championnat de Corse"]
[Site "Bastia FRA"]
[Date "2011.06.27"]
[Round "3.2"]
[White "Bicchierai,G"]
[Black "Vilaisarn,A"]
[Result "1/2-1/2"]
[WhiteElo "2121"]
[BlackElo "2257"]

1.e4 c5 2.Nc3 Nc6 3.Nge2 Nf6 4.g3 g6 5.Bg2 Bg7 6.O-O O-O 7.a3 d6 8.Rb1 a5
9.d4 cxd4 10.Nxd4 Ng4 11.Ndb5 Na7 12.Nxa7 Rxa7 13.Nd5 Ra8 14.Bg5 Re8 15.c4 Be6
16.Qe2 h6 17.Bd2 Ne5 18.Be3 Ra6 19.Rfd1 Ng4 20.Bd2 Rc6 21.h3 Ne5 22.b3 Rc8
23.f4 Bxd5 24.cxd5 Nd7 25.Be3 Rc3 26.Rdc1 Qc7 27.Qb5 Bd4 28.Rxc3 Qxc3 29.Bxd4 Qxd4+
30.Kh2 Nf6 31.Qc4 Qe3 32.Rc1 h5 33.Rc3 Qf2 34.Rc2 Qe3 35.Re2 Qb6 36.e5 Nh7
37.Qc2 Kg7 38.Re4 Rb8 39.Qc3 Kg8 40.Rd4 Re8 41.Rd2 Nf8 42.Rc2 Nh7 43.Rd2 Nf8
44.Rc2 Nh7 45.Rd2 Nf8  1/2-1/2

[Event "XIX Open A"]
[Site "Montcada i Reixac ESP"]
[Date "2011.06.27"]
[Round "3"]
[White "Lorenzo de la Riva,L"]
[Black "Munoz Pantoja,M"]
[Result "1/2-1/2"]
[WhiteElo "2378"]
[BlackElo "2498"]

1.e4 c5 2.Nf3 Nc6 3.Nc3 Nf6 4.Bb5 Nd4 5.e5 Nxb5 6.Nxb5 Nd5 7.Ng5 f5 8.O-O e6
9.d4 c4 10.b3 c3 11.Qh5+ g6 12.Qh3 h6 13.Nf3 Kf7 14.Rd1 a6 15.Nd6+ Kg7 16.a4 b6
17.Qg3 Be7 18.h4 Rb8 19.Ba3 Bb7 20.h5 g5 21.Nxb7 Rxb7 22.Bxe7 Qxe7 23.Ne1 g4
24.f4 Kh7 25.Nd3 Qf7 26.Qh4 g3 27.Qxg3 Rg8 28.Qh3 Rg4 29.Rf1 Rb8 30.Rf3 Rbg8
31.g3 a5 32.Kf2 Qe7 33.Rh1 Qg7 34.Rg1 Qf7 35.Rh1 Qg7 36.Rd1 Qe7 37.Rh1 Qg7
38.Rd1 Qe7  1/2-1/2

[Event "6th Dvorkovich Cup"]
[Site "Moscow RUS"]
[Date "2011.06.27"]
[Round "3.13"]
[White "Eliseev,U"]
[Black "Iskandarov,M"]
[Result "1-0"]
[WhiteElo "2433"]
[BlackElo "2253"]

1.e4 c5 2.Nf3 Nc6 3.Nc3 g6 4.d4 cxd4 5.Nxd4 Bg7 6.Be3 Nf6 7.Bc4 Qa5 8.O-O O-O
9.Nb3 Qc7 10.Bg5 a6 11.Be2 d6 12.f4 b5 13.Bf3 Be6 14.Nd5 Bxd5 15.exd5 Na5
16.Nxa5 Qxa5 17.Re1 Ra7 18.a3 Rc7 19.c3 Qb6+ 20.Kh1 Re8 21.Qd2 Kf8 22.Re2 a5
23.Bh4 Rc4 24.Bf2 Qb7 25.Bd4 Nd7 26.Bxg7+ Kxg7 27.Rae1 Nf6 28.g4 b4 29.cxb4 axb4
30.g5 Nd7 31.Rxe7 Rxe7 32.Rxe7 bxa3 33.bxa3 Qb3 34.Be2 Qb1+ 35.Kg2 Rc2 36.Qd4+ Kf8
37.Re3 Qb2 38.Qxb2 Rxb2 39.Kg3 Nb6 40.Bf3 Nc4 41.Rc3 Nd2 42.Bg2 Rb7 43.Kg4 Nb3
44.h4 Nd4 45.Rd3 Nf5 46.h5 Rb1 47.Be4 Rg1+ 48.Kh3 Ng7 49.hxg6 hxg6 50.Bf3 Nf5
51.Bg4 Ne7 52.Bf3 Nf5 53.Bg4 Ne7 54.Rd1 Rxd1 55.Bxd1 Nxd5 56.Kg3 Ke7 57.Bb3 Nc3
58.a4 d5 59.Kf3 Kd6 60.Ke3 Kc5 61.a5 Kb5 62.Kd3 Ne4 63.Bxd5 Nd6 64.Kd4 Kxa5
65.Ke5  1-0

[Event "6th Dvorkovich Cup"]
[Site "Moscow RUS"]
[Date "2011.06.28"]
[Round "5.2"]
[White "Grib,R"]
[Black "Orujov,S"]
[Result "0-1"]
[WhiteElo "2283"]
[BlackElo "2168"]

1.e4 c5 2.Nc3 Nc6 3.Bb5 g6 4.Bxc6 dxc6 5.f4 Bg7 6.Nf3 Nf6 7.d3 O-O 8.Be3 b6
9.h3 Qc7 10.Qd2 Rd8 11.O-O-O c4 12.e5 Ne8 13.d4 b5 14.Ne4 Rb8 15.g4 b4 16.Nc5 Qa5
17.Kb1 Nc7 18.Qe2 Nd5 19.Bc1 Nc3+ 20.bxc3 bxc3+ 21.Ka1 Qb4 22.Nb3 cxb3 23.cxb3 Be6
24.Qa6 Bd5 25.Ba3 Qb5 26.Qxb5 cxb5 27.Rhf1 b4 28.Bc1 a5 29.Ne1 a4 30.bxa4 Ra8
31.Rf2 Rxa4 32.Rd3 Bc4  0-1

[Event "ch-Commonwealth RSA-Open"]
[Site "Ekurhuleni RSA"]
[Date "2011.07.01"]
[Round "9"]
[White "Dole,A"]
[Black "Kobese,W"]
[Result "0-1"]
[WhiteElo "2103"]
[BlackElo "2355"]

1.e4 c5 2.Nf3 Nc6 3.Nc3 Nd4 4.Bc4 e6 5.O-O a6 6.a4 Ne7 7.d3 Nec6 8.Nxd4 cxd4
9.Ne2 Bc5 10.Bd2 O-O 11.Ng3 Ne5 12.Bb3 Qh4 13.h3 Kh8 14.f4 Nxd3 15.cxd3 Qxg3
16.Be1 Qg6 17.f5 Qg5 18.Bd2 Qe7 19.Qh5 Bd6 20.Rae1 f6 21.e5 Bxe5 22.fxe6 dxe6
23.Bf4 Bxf4 24.Rxf4 e5 25.Rh4 g5 26.Rhe4 Bf5  0-1

[Event "Nova College Chess Tournament"]
[Site "Haarlem NED"]
[Date "2011.07.02"]
[Round "3"]
[White "Kleijn,C"]
[Black "Ikonnikov,Vy"]
[Result "1-0"]
[WhiteElo "2429"]
[BlackElo "2553"]

1.e4 c5 2.Nf3 Nc6 3.Nc3 e5 4.Bc4 Be7 5.d3 d6 6.O-O Bg4 7.h3 Bh5 8.Nd5 a6
9.a4 Nf6 10.Ne3 Rb8 11.c3 b5 12.Bb3 O-O 13.Nf5 Na5 14.Bc2 b4 15.g4 Bg6 16.Ng3 b3
17.Bb1 Nd7 18.Kg2 h6 19.Be3 Re8 20.h4 Bxh4 21.Nxh4 Qxh4 22.g5 f5 23.exf5 Bf7
24.Rh1 Bd5+ 25.Ne4 hxg5 26.Rxh4 gxh4 27.Kh2 Rf8 28.Nxd6 Rf6 29.Nc4 Nc6 30.Nd2 Rbf8
31.d4 exd4 32.Bg5 Rxf5 33.Bxf5 Rxf5 34.f4 Nde5 35.Qg1 Nd3 36.c4 Be6 37.Qg2 Bd7
38.Rg1 Rf7 39.Ne4 Kf8 40.Nd6  1-0

[Event "6th Dvorkovich Cup"]
[Site "Moscow RUS"]
[Date "2011.07.02"]
[Round "11.11"]
[White "Abbasov,Amil Habil oglu"]
[Black "Alekseenko,K"]
[Result "1-0"]
[WhiteElo "2137"]
[BlackElo "2317"]

1.e4 c5 2.Nc3 Nc6 3.Nge2 Nf6 4.d4 cxd4 5.Nxd4 d6 6.Nb3 e6 7.Be2 Be7 8.O-O O-O
9.Be3 a6 10.f4 b5 11.a3 Bb7 12.Bf3 Nd7 13.Kh1 Nb6 14.Nd2 Rc8 15.f5 Bg5 16.Bxb6 Qxb6
17.fxe6 fxe6 18.Bg4 Rxf1+ 19.Qxf1 Re8 20.Nf3 Bf6 21.Qd3 Nd8 22.Re1 Nf7 23.Ne2 Qf2
24.Rb1 d5 25.Ng3 Qc5 26.c3 Qc4 27.Qxc4 bxc4 28.Re1 e5 29.exd5 Bxd5 30.Rd1 Bc6
31.Nd2 Nd6 32.Be2 Ba4 33.Re1 Bb5 34.a4 Bxa4 35.Nxc4 Nc8 36.Ne4 Bh4 37.Ra1 Bc6
38.Bf3 Bb5 39.Ne3 Nb6 40.b3 Rd8 41.c4 Bc6 42.Rxa6 Rb8 43.g3 Be7 44.Kg2 g6
45.Nf6+ Bxf6 46.Bxc6 Be7 47.Nd5 Nxd5 48.Bxd5+ Kg7 49.Ra7 Kf6 50.Rb7 Rxb7
51.Bxb7 Bb4 52.Kf3 Ke7 53.Ke4 Kd6 54.Bd5 Bc5 55.Bg8 h6 56.Bf7 g5 57.g4 Bg1
58.h3 Bc5 59.Bd5 Bd4 60.b4 Bc3 61.c5+ Kc7 62.b5 Bb4 63.b6+ Kb8 64.c6 Bc5
65.c7+  1-0

[Event "39th World Open"]
[Site "Philadelphia USA"]
[Date "2011.07.02"]
[Round "5"]
[White "Ly,Mo"]
[Black "De Firmian,N"]
[Result "0-1"]
[WhiteElo "2375"]
[BlackElo "2526"]

1.e4 c5 2.Nf3 Nc6 3.Nc3 e5 4.Bc4 Be7 5.d3 Nf6 6.Nd2 a6 7.a4 d6 8.Nf1 Bg4
9.f3 Be6 10.Ne3 Nb4 11.Bxe6 fxe6 12.Ne2 d5 13.b3 O-O 14.O-O Nc6 15.exd5 exd5
16.Nf5 Qd7 17.Nxe7+ Qxe7 18.Ng3 b6 19.Be3 a5 20.Qe2 Rae8 21.Rae1 Qf7 22.Nf5 Qd7
23.Ng3 Rf7 24.Qd2 h6 25.Qd1 Ref8 26.Bc1 Ne8 27.Bb2 Re7 28.Qd2 Nd6 29.f4 Rxf4
30.Rxf4 exf4 31.Nh5 Nf5 32.Bxg7 Rxe1+ 33.Qxe1 Qf7 34.Bb2 Qxh5 35.Qe6+ Kh7
36.Kf2 Nce7 37.Bf6 Qg6 38.Qxb6 Ne3  0-1